000 00336nam a2200097Ia 4500
008 220120s9999||||xx |||||||||||||| ||und||
100 _aHemanth, P.U and Nachappa, A.D
_912274
245 0 _aBlue tooth based automation of AC applications through cell
260 _aCoorg Institute of Technology
_bPonnampet
_c2010
650 _aCOMPUTER SCIENCE
999 _c137860
_d137860